| 000 | 00741cam a2200241Ma 4500 | ||
|---|---|---|---|
| 002 | 45509 | ||
| 005 | 20230410143448.0 | ||
| 008 | 860602s1970 ve 000 0 spa d | ||
| 035 | _a(OCoLC)ocm55322018 | ||
| 040 |
_aDIBAM _bspa _cDIBAM _dOCLCQ |
||
| 035 | _a(OCoLC)55322018 | ||
| 001 | 14aGN 280.7bC932 1970 | ||
| 049 | _aGRAL | ||
| 245 | 0 | 3 |
_aLa Crisis de homo sapiens : _bensayos / _cRobert Ardrey ... [et al.] ; versión castellana Santiago González. |
| 260 |
_aCaracas : _bEd. Tiempo Nuevo, _c1970. |
||
| 300 |
_a255 p. ; _c18 cm. |
||
| 440 | 0 |
_aLibros de Bolsillo de Tiempo Nuevo ; _vno. 6 |
|
| 650 | 0 | _aHuman evolution. | |
| 650 | 0 |
_aHuman beings _xAnimal nature. |
|
| 942 |
_2lcc _cbk |
||
| 946 | _amjcruz | ||
| 994 |
_aC0 _bDRFGD |
||
| 999 |
_c102149 _d102149 |
||